[Event "Moscow-ch Women 2020"]
[Site "Moscow"]
[Date "2020.09.16"]
[Round "3.8"]
[White "Fedorova, Olesya"]
[Black "Diakonova, Ekaterina"]
[Result "1-0"]
[WhiteElo "1552"]
[BlackElo "2209"]
[Annotator "TA"]
[PlyCount "161"]
[EventDate "2020.09.15"]
[EventType "swiss"]
[EventCountry "RUS"]
[SourceTitle "playchess.com"]
[Source "ChessBase"]
[SourceQuality "1"]

{[%evp 9,161,45,71,66,96,41,49,45,64,57,75,77,77,75,92,50,86,89,88,70,96,37,63,57,67,65,99,100,89,63,86,71,72,47,58,55,59,59,52,50,89,69,152,143,210,0,26,-14,11,21,29,34,186,163,177,131,131,131,127,132,139,102,134,128,142,126,211,110,178,120,114,109,279,36,51,28,337,322,694,695,677,671,615,564,962,938,935,909,1134,820,908,894,762,54,54,54,54,45,60,58,136,103,156,151,273,260,305,191,200,193,197,200,200,200,11925,2368,12830,12831,12830,1552,603,291,12819,12824,716,12818,12832,12832,12832,12823,12836,12833,12836,12837,12841,0,12825,2297,12841,12840,12842,12843,12843,12843,12843,12844,12845,12844,12845,12845,12846,12847,12849,12849]} 1. d4 Nf6 2. Bg5 Ne4 3. Bf4 g6 4. f3 Nf6 5. e4 d6 6. Qd2 {[#] A45: Trompowsky Attack.} b6 $146 ({Predecessor:} 6... Nbd7 7. Nc3 a6 8. Bh6 c5 9. Bxf8 Kxf8 10. dxc5 Nxc5 11. e5 Ne8 12. O-O-O Bd7 13. exd6 exd6 {1-0 (38) Romero Holmes,A (2465)-Rivero Ojeda,C (2263) Barcelona 2015}) 7. Bh6 (7. Nc3 $16) 7... Bxh6 $14 8. Qxh6 {White is slightly better.} c5 9. d5 Qc7 10. Nd2 Nbd7 11. Bb5 Bb7 12. Ne2 a6 13. Bxd7+ $1 Qxd7 14. c4 b5 15. Qe3 (15. O-O $16) 15... a5 16. O-O Ba6 17. b3 a4 18. Nc3 O-O 19. Rfe1 bxc4 20. bxc4 e5 21. a3 Nh5 22. Rab1 Rab8 23. Qd3 Nf4 24. Qc2 Rxb1 25. Rxb1 Qe7 ({Black should try} 25... Qd8 $14) 26. g3 $16 (26. Nxa4 $6 Qg5 $11) 26... Qg5 (26... Nh3+ $16 27. Kg2 Bc8) 27. Rb6 $2 (27. Nxa4 Ne2+ 28. Kg2 Nd4 $14) (27. Kf1 $1 $18) 27... Bc8 {Strongly threatening ...Nh3+.} 28. Nf1 Qd8 29. Rb1 Nh3+ 30. Kg2 Ng5 $2 (30... h5 $14) 31. h4 $1 $36 {[%mdl 2048] White is really pushing.} (31. Qxa4 Bh3+ 32. Kf2 f5 $17) 31... Nh3 32. Ne3 (32. Nxa4 $6 g5 $14) 32... Nf4+ 33. gxf4 exf4 34. Nf1 $1 {aiming for Qf2.} Qxh4 35. Kg1 (35. Nxa4 Bh3+ 36. Kg1 Ra8 $14) 35... Bh3 36. Qf2 Qg5+ 37. Kh1 Qe5 (37... Re8 $16 {was necessary.}) 38. Nb5 (38. Nxa4 Ra8 $14) (38. Ne2 $1 $18) 38... g5 (38... h5 $16 39. Qh4 Bd7) 39. Nh2 (39. Qh2 $18 Bd7 40. Qh5) 39... h5 $16 40. Rg1 Kh7 $2 {[#]} (40... f6 $16 41. Qe1 Ra8) 41. Nf1 $2 (41. Nxd6 $1 $18 {[%mdl 512]} Rg8 (41... Qxd6 42. Rxg5) 42. Nb7 (42. Nxf7 Qe7 $16) (42. Qxc5 g4 $18)) 41... Kh6 $14 42. Qh2 g4 $2 {[%mdl 8192]} (42... Bd7 $11) 43. Nd2 $18 {Threatens to win with fxg4.} f5 $2 (43... Rg8 44. fxg4 Bxg4) 44. exf5 {[%mdl 64] Overworked Piece} Qxf5 45. Nxd6 Qd7 {intending ...g3.} 46. N6e4 Qc8 47. Qf2 Qd8 48. d6 Rf5 49. d7 {[%mdl 64] Deflection} Qxd7 50. Qh4 Qg7 51. Qxh3 $2 (51. Rb1 $18) 51... gxh3 $14 52. Rxg7 Kxg7 53. Kh2 Kf8 54. Kxh3 Ke7 {White leaves nothing to chance now.} ({Better is} 54... Kg7 $1 $14) 55. Nc3 Kd6 (55... Rf8 $142) 56. Nxa4 $16 Ke5 (56... Rf8 $16 {is a better defense.} 57. Nb3 Rg8) 57. Nxc5 $18 Kd4 58. Nce4 Rf8 59. c5 Ra8 60. Kh4 Rxa3 61. Kxh5 Ra6 $2 (61... Ra7 62. Kg5 Rf7) 62. Kg4 Ke5 63. Nc4+ Kd4 64. Ncd6 Ke5 65. Kg5 (65. Nf7+ $142 Ke6 66. c6 (66. Kxf4 Kxf7 67. Kf5 Ke7 $11)) 65... Ra1 $2 (65... Ra7 66. Ne8 Ra8) 66. Nf7+ Ke6 67. Nh6 Rf1 68. Kxf4 Kd5 69. Ng4 {Intending Ne3+ and mate.} Kc6 70. Ne3 Rh1 71. Ke5 Rh3 72. Kf4 $2 (72. Nf5 $18 Kc7 73. f4) 72... Rh8 $2 {[%mdl 8192]} (72... Rh1 $11 73. Ke5 Rh8) 73. Nf5 {White is clearly winning.} Rh3 74. Ke5 Rh8 75. Nd4+ Kc7 76. f4 Re8+ 77. Kd5 Kb8 78. f5 Rh8 79. f6 Kc7 80. f7 Kd7 81. Ne6 {Accuracy: White = 69%, Black = 42%.} 1-0

[Event "Moscow-ch Women 2020"]
[Site "Moscow"]
[Date "2020.09.16"]
[Round "3.9"]
[White "Dimitrova, Alexandra"]
[Black "Paramzina, Anastasya"]
[Result "0-1"]
[WhiteElo "2229"]
[BlackElo "2209"]
[Annotator "TA"]
[PlyCount "90"]
[EventDate "2020.09.15"]
[EventType "swiss"]
[EventCountry "RUS"]
[SourceTitle "playchess.com"]
[Source "ChessBase"]
[SourceQuality "1"]

{[%evp 10,90,32,0,15,21,21,0,14,-2,-4,-5,-8,-5,19,0,0,-72,-10,-115,-116,-234,-226,-226,-21,-82,0,0,0,-27,0,0,0,-187,0,-136,-105,-131,30,28,87,14,31,0,0,0,0,0,0,-35,-35,-33,35,0,0,0,0,-63,-66,-68,-64,-65,0,0,-7,-7,0,-29987,-690,-29988,-29989,-29992,-29993,-29993,-29994,-29994,-29995,-29995,-29996,-29996,-29997,-29997,-29998]} 1. e4 c5 2. Nf3 d6 3. d4 cxd4 4. Nxd4 Nf6 5. Nc3 a6 6. Nb3 Nbd7 {B90: Sicilian Najdorf: Unusual White 6th moves, 6 Be3 Ng4 and 6 Be3 e5.} 7. a4 b6 8. g4 Bb7 {The position is equal.} 9. Bg2 g6 10. f4 Bg7 {[#]} 11. O-O $146 {Threatens to win with e5!} ({Predecessor:} 11. Qe2 O-O 12. O-O Qc7 13. Bd2 Rac8 14. Rae1 Qc4 15. Qxc4 Rxc4 16. e5 Bxg2 17. exf6 Bxf1 18. fxg7 {½-½ (27) Alekseenko,K (2638)-Kokarev,D (2598) Khanty-Mansiysk 2018}) 11... Rb8 12. g5 Nh5 13. Bd2 (13. Nd4 $11) 13... Rc8 (13... h6 $17) 14. Bf3 (14. Rf2 $11) 14... h6 $1 $17 15. h4 (15. f5 $17 hxg5 16. Bxg5) 15... hxg5 $19 16. hxg5 e5 $2 (16... Bxc3 $19 17. bxc3 e5) 17. f5 $1 $11 Nf4 ({Black should try} 17... Rxc3 $17 18. bxc3 Ng3) 18. Bxf4 exf4 19. f6 Bxf6 (19... Nxf6 $5 20. gxf6 Bxf6 $11) 20. gxf6 Qxf6 21. Nd4 $2 (21. Rf2 $11) 21... Ne5 $2 (21... Qh4 22. Qe2 $15) (21... Rc4 $1 $19 {[%cal Rc4d4]} 22. Nb3 Ne5) 22. Nd5 (22. Bg2 $1 $11) 22... Bxd5 $1 $17 23. exd5 Qg5+ $2 (23... g5 $17 {Hoping for ...g4!} 24. Qd2 g4 25. Bxg4 {[%mdl 64] Decoy} Nxg4 26. Rxf4 Qh6 27. Re4+ Ne5 28. Qxh6 Rxh6) 24. Bg2 $1 $11 Qh6 {[#]} (24... Rh3 $11 {remains equal.}) 25. Nf3 (25. Re1 $1 $16) 25... Ng4 26. Qd3 Ne3 27. Rae1 Kf8 28. Rf2 Rc5 (28... Nxg2 $2 29. Rxg2 Qh3 30. c4 $18) 29. Rxe3 fxe3 30. Re2 Qh5 (30... Qf4 $15) 31. c4 b5 32. axb5 axb5 33. b3 ({White should play} 33. Qxe3 $11 Rxc4 34. Qe7+ Kg7 35. Qxd6) 33... bxc4 $1 $15 34. bxc4 Qg4 $1 35. Qxe3 {Strongly threatening Ne5.} Rxc4 (35... Qxc4 $15 36. Nd4 (36. Qe7+ Kg8 $17) 36... Qc1+ 37. Qxc1 Rxc1+ 38. Kf2 Rb1) 36. Qe7+ $1 $11 ({Reject} 36. Nd2 Ra4 $17) 36... Kg7 37. Qxd6 Rh5 {White must now prevent ...Rc1+.} 38. Qd8 $2 {[%mdl 8192]} (38. Re8 $11 Rc1+ 39. Kf2 Rc2+ 40. Ke3 Rc3+ 41. Kf2 Rc2+ 42. Ke3 Rc3+ 43. Kf2 Rc2+) 38... Rf5 (38... Rc1+ $142 39. Kf2 {[#]} Rf5 $1 {[%mdl 512]} 40. Re1 Rc2+ 41. Re2 Rxe2+ {[%mdl 64] Overworked Piece} 42. Kxe2 Qxg2+ 43. Kd3 Rxf3+ 44. Kd4 Qf2+ 45. Ke5 Qh2+ 46. Kd4 Qf4+ 47. Kc5 Rc3+ 48. Kb5 Qc4+ 49. Kb6 Rb3+ 50. Ka7 Qa4+ 51. Qa5 Qxa5#) 39. Re8 Rc1+ {Black mates.} ({Worse is} 39... Rxf3 40. Rg8+ Kh7 41. Rh8+ Kg7 42. Rg8+ Kh7 43. Rh8+ Kg7 44. Rg8+ $11) 40. Ne1 Qd4+ 41. Kh2 Qf4+ 42. Kh1 Rh5+ 43. Kg1 Qd4+ 44. Kf1 Rf5+ 45. Bf3 Rxf3+ {Accuracy: White = 58%, Black = 66%.} 0-1

[Event "Moscow-ch Women 2020"]
[Site "Moscow"]
[Date "2020.09.16"]
[Round "3.10"]
[White "Miroshnik, Ekaterina"]
[Black "Petrova, Elizaveta"]
[Result "1-0"]
[WhiteElo "2139"]
[BlackElo "1647"]
[Annotator "TA"]
[PlyCount "83"]
[EventDate "2020.09.15"]
[EventType "swiss"]
[EventCountry "RUS"]
[SourceTitle "playchess.com"]
[Source "ChessBase"]
[SourceQuality "1"]

{[%evp 11,82,16,32,35,71,47,56,58,77,-18,-29,-9,-13,-52,94,85,140,75,141,130,356,339,297,338,520,506,518,518,480,231,747,745,1036,879,1673,1127,1193,1173,1510,1481,1931,1232,1109,1015,998,1007,995,990,29988,29989,29992,29993,29993,29994,29994,29995,29998,29992,29992,29992,29993,29993,29993,29992,29993,29994,29994,29987,29997,29998,29998,29999,29999]} 1. d4 Nf6 2. Nf3 e6 3. e3 b6 4. Bd3 Bb7 5. O-O Be7 6. c4 Ne4 7. Nbd2 {E14: Queen's Indian: Classical Variation (4 e3).} d5 {[#]} 8. Qa4+ $146 ({Predecessor:} 8. a3 Nd7 9. Qc2 f5 10. Ne5 Nxe5 11. dxe5 O-O 12. f4 Qd7 13. cxd5 exd5 14. Nf3 {½-½ (35) Smits,O (1966)-Schramm,B (2124) Bad Homburg 2005}) 8... Qd7 9. Qc2 {White is slightly better.} Nf6 10. e4 (10. Ne5 $16 Qd6 11. b4 (11. c5 bxc5 12. Qb3 Qb6 $15)) 10... dxe4 $1 $11 11. Nxe4 Nc6 12. Bd2 Rd8 (12... Nxd4 $15 13. Nxd4 Qxd4) 13. Bc3 $16 h6 (13... Nb4 $142 14. Bxb4 Bxb4) 14. Nxf6+ (14. Rad1 $142) 14... gxf6 (14... Bxf6 $142 15. d5 exd5) 15. d5 Nb8 $2 {Black cannot hold the game after this.} (15... exd5 $16 {was necessary.} 16. cxd5 Ne5) 16. Be4 {dxe6 is the strong threat.} exd5 17. cxd5 Rg8 (17... Bxd5 {was called for.} 18. Rfe1 Bxe4 19. Qxe4 Kf8) 18. Rfe1 $18 Kf8 19. Bf5 Qd6 {[#]} 20. Qd2 (20. Rxe7 $142 $1 {[%mdl 512]} Qxe7 21. Re1 Bxd5 22. Qc1 Qxe1+ 23. Nxe1) 20... Nd7 $2 (20... Rh8 21. Bc2 Qxd5) 21. Qxh6+ Rg7 22. Bxd7 {And now Rxe7! would win.} Rxd7 {[#]} 23. Rxe7 $1 {[%mdl 576] Remove Defender, Decoy} Rxe7 (23... Qxe7 24. Re1) 24. Bxf6 {[%mdl 64] Double Attack, Pin} Ke8 25. Qxg7 Re2 26. Qg8+ Qf8 27. Qxf8+ Kxf8 28. Rd1 Rc2 29. h4 a5 30. h5 {White mates.} Bc8 31. h6 Kg8 32. Ng5 Bf5 33. Re1 {[%cal Re1e8]} Kf8 34. h7 Bxh7 35. Nxh7+ Kg8 36. Ng5 {[%cal Re1e8]} Kf8 37. Re7 Rc1+ 38. Kh2 Rd1 39. Rxf7+ Kg8 40. Rg7+ Kf8 41. Ne6+ {[%mdl 64] Double Attack} Ke8 42. Re7# {Accuracy: White = 55%, Black = 23%.} 1-0

[Event "Moscow-ch Women 2020"]
[Site "Moscow"]
[Date "2020.09.17"]
[Round "4.8"]
[White "Fedorova, Olesya"]
[Black "Dimitrova, Alexandra"]
[Result "1-0"]
[WhiteElo "1552"]
[BlackElo "2229"]
[Annotator "ChessBase"]
[PlyCount "65"]
[EventDate "2020.09.15"]
[EventType "swiss"]
[EventCountry "RUS"]
[TimeControl "5400+30"]

1. Nf3 {[%emt 0:00:00]} Nf6 {[%emt 0:00:00]} 2. c4 {[%emt 0:00:00]} e6 {[%emt 0:00:00]} 3. Nc3 {[%emt 0:00:00]} d5 {[%emt 0:01:20]} 4. d4 {[%emt 0:02:24]} Bb4 {[%emt 0:01:27]} 5. cxd5 {[%emt 0:00:16]} exd5 {[%emt 0:00:35]} 6. Qa4+ {[%emt 0:00:15]} Nc6 {[%emt 0:00:31]} 7. Bg5 {[%emt 0:00:56]} h6 {[%emt 0:01:04]} 8. Bxf6 {[%emt 0:00:19]} Qxf6 {[%emt 0:02:41]} 9. e3 {[%emt 0:00:35]} O-O {[%emt 0:02:14]} 10. Be2 {[%emt 0:00:47]} Rd8 {[%emt 0:04:10]} 11. O-O {[%emt 0:00:26]} Bf8 {[%emt 0:01:19]} 12. Rfc1 {[%emt 0:00:18]} Ne7 {[%emt 0:06:36]} 13. b4 {[%emt 0:00:15]} Nf5 {[%emt 0:20:33]} 14. b5 {[%emt 0:03:41]} Be6 {[%emt 0:09:27]} 15. Qb3 {[%emt 0:01:23]} g5 {[%emt 0:13:39]} 16. Na4 {[%emt 0:04:26]} Bd6 {[%emt 0:01:58]} 17. Nc5 {[%emt 0:02:26]} Rab8 {[%emt 0:01:08]} 18. a4 {[%emt 0:09:32]} g4 {[%emt 0:02:25]} 19. Ne5 {[%emt 0:04:25]} h5 {[%emt 0:06:03]} 20. Ncd3 {[%emt 0:02:13]} Qh6 {[%emt 0:06:21]} 21. Nc5 {[%emt 0:04:07]} Qg7 {[%emt 0:03:49]} 22. Qc3 {[%emt 0:03:36]} Re8 {[%emt 0:03:18]} 23. a5 {[%emt 0:07:19]} f6 {[%emt 0:02:31]} 24. Nxe6 {[%emt 0:03:09]} Rxe6 {[%emt 0:00:02]} 25. Nd3 {[%emt 0:00:34]} Qg5 {[%emt 0:01:06]} 26. Bf1 {[%emt 0:02:39]} h4 {[%emt 0:03:31]} 27. Nf4 {[%emt 0:02:02]} Re4 {[%emt 0:03:54]} 28. Qb3 {[%emt 0:05:17]} Nxd4 {[%emt 0:01:11]} 29. Qxd5+ {[%emt 0:00:21]} Qxd5 {[%emt 0:00:05]} 30. Nxd5 {[%emt 0:00:02]} Nb3 {[%emt 0:00:36]} 31. Nxf6+ {[%emt 0:00:08]} Kg7 {[%emt 0:00:38]} 32. Nxe4 {[%emt 0:00:13]} Nxc1 {[%emt 0:00:04]} 33. Rxc1 {[%emt 0:00:13]} 1-0

[Event "Moscow-ch Women 2020"]
[Site "Moscow"]
[Date "2020.09.17"]
[Round "4.10"]
[White "Petrova, Elizaveta"]
[Black "Strukova, Ksenia"]
[Result "1/2-1/2"]
[WhiteElo "1647"]
[BlackElo "1978"]
[Annotator "ChessBase"]
[PlyCount "104"]
[EventDate "2020.09.15"]
[EventType "swiss"]
[EventCountry "RUS"]
[TimeControl "5400+30"]

1. d4 {[%emt 0:00:00]} Nf6 {[%emt 0:00:00]} 2. c4 {[%emt 0:00:00]} g6 {[%emt 0:00:00]} 3. Nc3 {[%emt 0:00:00]} Bg7 {[%emt 0:00:00]} 4. e4 {[%emt 0:00:00]} d6 {[%emt 0:00:00]} 5. Be2 {[%emt 0:00:00]} e5 {[%emt 0:11:39]} 6. d5 {[%emt 0:01:06]} O-O {[%emt 0:09:38]} 7. Be3 {[%emt 0:00:17]} c6 {[%emt 0:02:53]} 8. g4 {[%emt 0:03:36]} cxd5 {[%emt 0:01:52]} 9. cxd5 {[%emt 0:01:07]} Qa5 {[%emt 0:09:07]} 10. f3 {[%emt 0:05:25]} Ne8 {[%emt 0:05:30]} 11. h4 {[%emt 0:08:49]} h6 {[%emt 0:08:52]} 12. Qd2 {[%emt 0:05:40]} Kh7 {[%emt 0:01:53]} 13. Bd3 {[%emt 0:10:25]} Na6 {[%emt 0:11:52]} 14. Rc1 {[%emt 0:02:37]} Bd7 {[%emt 0:01:31]} 15. Nge2 {[%emt 0:06:17]} Rc8 {[%emt 0:05:29]} 16. a3 {[%emt 0:12:53]} Nc5 {[%emt 0:11:03]} 17. Bc2 {[%emt 0:00:49]} Qd8 {[%emt 0:01:07]} 18. b4 {[%emt 0:01:58]} Na6 {[%emt 0:00:01]} 19. h5 {[%emt 0:03:09]} g5 {[%emt 0:00:13]} 20. Bd3 {[%emt 0:00:38]} Nac7 {[%emt 0:03:46]} 21. Bxa7 {[%emt 0:06:41]} Ra8 {[%emt 0:01:29]} 22. Qe3 {[%emt 0:05:07]} Qe7 {[%emt 0:03:37]} 23. b5 {[%emt 0:03:06]} Nf6 {[%emt 0:02:29]} 24. b6 {[%emt 0:01:10]} Nce8 {[%emt 0:01:26]} 25. a4 {[%emt 0:09:12]} Bc8 {[%emt 0:02:04]} 26. a5 {[%emt 0:03:33]} Nd7 {[%emt 0:00:06]} 27. Na4 {[%emt 0:00:38]} Rg8 {[%emt 0:02:03]} 28. Ng3 {[%emt 0:01:05]} Bf8 {[%emt 0:00:37]} 29. O-O {[%emt 0:00:51]} Nc5 {[%emt 0:01:23]} 30. Nxc5 {[%emt 0:02:01]} dxc5 {[%emt 0:00:01]} 31. Nf5 {[%emt 0:01:39]} Qd8 {[%emt 0:02:27]} 32. Rfd1 {[%emt 0:01:48]} f6 {[%emt 0:00:46]} 33. Bc4 {[%emt 0:01:16]} Bxf5 {[%emt 0:00:50]} 34. exf5 {[%emt 0:04:07]} Nd6 {[%emt 0:00:35]} 35. Bd3 {[%emt 0:00:00]} Nc8 {[%emt 0:00:27]} 36. a6 {[%emt 0:00:00]} Qd7 {[%emt 0:00:39]} 37. Bb5 {[%emt 0:00:34]} Qxb5 {[%emt 0:00:20]} 38. axb7 {[%emt 0:00:05]} c4 {[%emt 0:00:37]} 39. bxa8=Q {[%emt 0:01:51]} Bc5 {[%emt 0:00:02]} 40. Qxc5 {[%emt 0:00:00]} Qxc5+ {[%emt 0:00:01]} 41. Kg2 {[%emt 0:00:00]} Qe3 {[%emt 0:01:17]} 42. Qb7+ {[%emt 0:00:29]} Rg7 {[%emt 0:00:43]} 43. Qxc8 {[%emt 0:00:49]} Qe2+ {[%emt 0:00:10]} 44. Kg3 {[%emt 0:00:07]} e4 {[%emt 0:00:03]} 45. b7 {[%emt 0:00:56]} Qxf3+ {[%emt 0:00:10]} 46. Kh2 {[%emt 0:00:04]} Qf4+ {[%emt 0:01:03]} 47. Kg1 {[%emt 0:00:36]} Qg3+ {[%emt 0:00:24]} 48. Kf1 {[%emt 0:00:09]} Qf3+ {[%emt 0:00:38]} 49. Ke1 {[%emt 0:00:22]} e3 {[%emt 0:00:11]} 50. Rc2 {[%emt 0:00:50]} Qg3+ {[%emt 0:00:14]} 51. Kf1 {[%emt 0:00:25]} Qf3+ {[%emt 0:00:01]} 52. Ke1 {[%emt 0:00:43]} Qg3+ {[%emt 0:00:05]} 1/2-1/2

[Event "Moscow-ch Women 2020"]
[Site "Moscow"]
[Date "2020.09.19"]
[Round "5.8"]
[White "Dimitrova, Alexandra"]
[Black "Diakonova, Ekaterina"]
[Result "1/2-1/2"]
[WhiteElo "2229"]
[BlackElo "2209"]
[Annotator "ChessBase"]
[PlyCount "80"]
[EventDate "2020.09.15"]
[EventType "swiss"]
[EventCountry "RUS"]
[SourceTitle "playchess.com"]
[Source "ChessBase"]
[SourceQuality "1"]
[TimeControl "5400+30"]

1. e4 {[%emt 0:00:00]} c6 {[%emt 0:00:00]} 2. d4 {[%emt 0:00:00]} d5 {[%emt 0:00:00]} 3. e5 {[%emt 0:00:00]} Bf5 {[%emt 0:00:00]} 4. h4 {[%emt 0:00:00]} h5 {[%emt 0:00:00]} 5. Bd3 {[%emt 0:00:00]} Bxd3 {[%emt 0:00:00]} 6. Qxd3 {[%emt 0:00:00]} Qa5+ {[%emt 0:00:00]} 7. Nc3 {[%emt 0:00:01]} e6 {[%emt 0:00:00]} 8. Bg5 {[%emt 0:00:05]} c5 {[%emt 0:00:00]} 9. dxc5 {[%emt 0:03:48]} Bxc5 {[%emt 0:01:01]} 10. O-O-O {[%emt 0:02:15]} Nc6 {[%emt 0:18:59]} 11. Nh3 {[%emt 0:14:09]} Rc8 {[%emt 0:20:17]} 12. Kb1 {[%emt 0:04:45]} Nge7 {[%emt 0:07:34]} 13. Bxe7 {[%emt 0:11:28]} Nxe7 {[%emt 0:01:45]} 14. Ng5 {[%emt 0:05:38]} Nc6 {[%emt 0:11:30]} 15. Nxd5 {[%emt 0:19:25]} exd5 {[%emt 0:09:39]} 16. e6 {[%emt 0:00:36]} fxe6 {[%emt 0:01:26]} 17. Nxe6 {[%emt 0:07:55]} Ne7 {[%emt 0:02:53]} 18. Rhe1 {[%emt 0:08:21]} g6 {[%emt 0:14:25]} 19. c4 {[%emt 0:06:08]} Bxf2 {[%emt 0:03:14]} 20. Ng7+ {[%emt 0:08:18]} Kd8 {[%emt 0:02:46]} 21. Re2 {[%emt 0:01:23]} Bxh4 {[%emt 0:01:18]} 22. Qd4 {[%emt 0:01:39]} Bg3 {[%emt 0:01:07]} 23. Qf6 {[%emt 0:01:12]} Kc7 {[%emt 0:02:08]} 24. Rxe7+ {[%emt 0:01:07]} Kb8 {[%emt 0:00:01]} 25. Qxg6 {[%emt 0:01:39]} Bh4 {[%emt 0:00:13]} 26. Re5 {[%emt 0:01:59]} Qc7 {[%emt 0:01:51]} 27. Rexd5 {[%emt 0:00:30]} Rhg8 {[%emt 0:00:34]} 28. Rd7 {[%emt 0:00:34]} Qxc4 {[%emt 0:00:14]} 29. b3 {[%emt 0:00:45]} Qe2 {[%emt 0:00:28]} 30. Qd6+ {[%emt 0:00:35]} Ka8 {[%emt 0:00:02]} 31. Qd4 {[%emt 0:00:37]} Qc2+ {[%emt 0:01:16]} 32. Ka1 {[%emt 0:00:01]} Qxg2 {[%emt 0:00:38]} 33. Qxh4 {[%emt 0:01:00]} Rxg7 {[%emt 0:00:06]} 34. Rd8 {[%emt 0:00:25]} Rgc7 {[%emt 0:00:54]} 35. Qxh5 {[%emt 0:00:31]} Qg7+ {[%emt 0:00:14]} 36. Kb1 {[%emt 0:00:12]} a6 {[%emt 0:00:27]} 37. Qf5 {[%emt 0:00:30]} Qc3 {[%emt 0:00:29]} 38. Rxc8+ {[%emt 0:00:10]} Rxc8 {[%emt 0:00:01]} 39. Qd3 {[%emt 0:00:18]} Qxd3+ {[%emt 0:00:05]} 40. Rxd3 {[%emt 0:00:03]} Ka7 {[%emt 0:00:05]} 1/2-1/2